00608nam a2200205Ia 4500003000400000005001700004008004100021020001900062040000700081041000800088082001500096100002300111245003000134260004500164300000900209650002200218942001300240999001900253952013000272OSt20250918151057.0250729s2005 xx 000 0 und d a978-8171694501 cAL aeng a371.2 SHAC aSharma B M9222727 aClass room administration aNew DelhibCommonwealth Publishersc2005 a282p aEducation9222728 2ddccBED c235584d235584 00104070aALbALd2025-07-29eSita Book Houseg150.00l0o371.2 SHACpBED00903r2025-07-29 16:54:07v150.00w2025-07-29yBK